| 000 | 00860nam a22002897a 4500 | ||
|---|---|---|---|
| 003 | CHAP | ||
| 005 | 20220329134919.0 | ||
| 008 | 971013s1979 r 00010 d | ||
| 010 | _a27969 | ||
| 011 | _a28941 | ||
| 035 | _a33052 | ||
| 040 | _cCHAP | ||
| 082 |
_a635.9 _bM33 |
||
| 100 | 0 | 0 |
_aMcDonald, Elvin. _973474 |
| 245 | _aHow to grow flowers from seeds | ||
| 260 |
_aNew York : _bVan Nostrand Reinhold, _c1979 |
||
| 300 |
_a236 p. _b: ilus. ; láms |
||
| 590 |
_aBATCH-UPD _b10 _c20130109 _lUCH01 _h2313 |
||
| 590 |
_aBATCH-UPD _b10 _c20130110 _lUCH01 _h0228 |
||
| 590 |
_aBATCH-UPD _b10 _c20130110 _lUCH01 _h1506 |
||
| 590 |
_aCONVERSION _b10 _c20130109 _lUCH01 _h1316 |
||
| 650 | 1 | 4 |
_aFlores _xSemilla. _941408 |
| 650 | 1 | 4 |
_aFloricultura. _941822 |
| 901 | _aBK | ||
| 942 | _cLIBRO | ||
| 949 |
_a635.9 M33 _bBC _cLIBRO _d33724002202959 _eLIBRO _h50978 _i33052 _si |
||
| 999 |
_c27969 _d27969 |
||